000
00284nam a2200121Ia 4500
008
190216s9999||||xx |||||||||||||| ||und||
100
_a
Seth M L
245
0
_a
Monetary Economics
260
_b
Lekshmi Narayan Agarwal
_c
1981
300
_a
870-20 pag
650
_a
Economics
942
_c
BK
999
_c
9873
_d
9873